[Event "ESP-ch U14"]
[Site "Salobrena"]
[Date "2023.07.18"]
[Round "3"]
[White "Asensio Miranda, Carlos"]
[Black "Lorente Melcon, Maximo"]
[Result "0-1"]
[WhiteElo "1750"]
[BlackElo "2078"]
[PlyCount "42"]
[EventDate "2023.07.17"]
[EventType "swiss"]
[EventRounds "9"]
[EventCountry "ESP"]
[SourceTitle "EXT 2024"]
[Source "ChessBase"]
[SourceDate "2023.10.10"]
[SourceVersion "1"]
[SourceVersionDate "2023.10.10"]
[SourceQuality "1"]

1. Nf3 d5 2. c4 c6 3. e3 Bf5 4. Nc3 e6 5. d4 Nd7 6. Bd3 Bg6 7. 0-0 Ngf6 8. b3 Bd6 9. Re1 Ne4 10. Bxe4 dxe4 11. Nd2 f5 12. Nf1 0-0 13. a4 Qe7 14. f4 exf3 15. Qxf3 Nf6 16. Ng3 h5 17. d5 Ng4 18. Bb2 Qh4 19. Nge2 Qxh2+ 20. Kf1 Qh1+ 21. Ng1 Nh2+ 0-1

[Event "Aragon-chT Honor Gr II"]
[Site "Aragon"]
[Date "2023.03.04"]
[Round "6.8"]
[White "Moya Gimeno, Raul"]
[Black "Lorente Melcon, Maximo"]
[Result "0-1"]
[WhiteElo "1944"]
[BlackElo "1980"]
[PlyCount "66"]
[EventDate "2023.01.28"]
[EventType "team-tourn"]
[EventRounds "7"]
[EventCountry "ESP"]
[SourceTitle "EXT 2024"]
[Source "ChessBase"]
[SourceDate "2023.10.10"]
[SourceVersion "1"]
[SourceVersionDate "2023.10.10"]
[SourceQuality "1"]
[WhiteTeam "Marcos Frechin"]
[BlackTeam "Helios"]
[WhiteTeamCountry "ESP"]
[BlackTeamCountry "ESP"]

1. e4 c5 2. Nf3 e6 3. d3 Nc6 4. g3 d6 5. Bg2 g6 6. c3 Bg7 7. h4 h6 8. Na3 e5 9. Nc4 Nge7 10. Qe2 Be6 11. Be3 b5 12. Na3 Rb8 13. Rd1 f5 14. exf5 gxf5 15. d4 e4 16. Ng1 cxd4 17. cxd4 Nb4 18. Bf4 Qd7 19. Nh3 Nd3+ 20. Kf1 b4 21. Nc2 Nxb2 22. d5 Bxd5 23. Rxd5 Nxd5 24. Kg1 0-0 25. Ng5 Nxf4 26. gxf4 Nd3 27. Qe3 Rbc8 28. Nd4 Rc1+ 29. Bf1 hxg5 30. hxg5 Qf7 31. Rh2 Qg6 32. Kg2 Bxd4 33. Qxd4 Nxf4+ 0-1

[Event "Aragon-chT Preferente Gr I"]
[Site "Aragon"]
[Date "2023.02.25"]
[Round "5.42"]
[White "Lorente Melcon, Maximo"]
[Black "Montes Santos, Lorenzo"]
[Result "1-0"]
[WhiteElo "1980"]
[BlackElo "2017"]
[PlyCount "45"]
[EventDate "2023.01.28"]
[EventType "team-tourn"]
[EventRounds "9"]
[EventCountry "ESP"]
[SourceTitle "EXT 2024"]
[Source "ChessBase"]
[SourceDate "2023.10.10"]
[SourceVersion "1"]
[SourceVersionDate "2023.10.10"]
[SourceQuality "1"]
[WhiteTeam "Helios II"]
[BlackTeam "Las Fuentes"]
[WhiteTeamCountry "ESP"]
[BlackTeamCountry "ESP"]

1. e4 g6 2. d4 Bg7 3. Nc3 d6 4. Nf3 Nf6 5. Bg5 0-0 6. Qd2 c6 7. 0-0-0 b5 8. Bd3 b4 9. Ne2 a5 10. h4 c5 11. Ng3 Qc7 12. dxc5 dxc5 13. Bf4 Qb6 14. h5 Rd8 15. Qe2 Nc6 16. hxg6 hxg6 17. Bh6 Bg4 18. Qe3 Bh8 19. Bf8 Nh5 20. Nxh5 Bxh5 21. Rxh5 gxh5 22. Qh6 Rxf8 23. Ng5 1-0

[Event "ESP-chT Rapid"]
[Site "Toledo"]
[Date "2022.09.25"]
[Round "9"]
[White "Alonso Rosell, Alvar"]
[Black "Lorente Melcon, Maximo"]
[Result "1-0"]
[WhiteElo "2564"]
[BlackElo "1851"]
[PlyCount "54"]
[EventDate "2022.09.24"]
[EventType "team-swiss (rapid)"]
[EventRounds "9"]
[EventCountry "ESP"]
[SourceTitle "CBM 210 Extra"]
[Source "ChessBase"]
[SourceDate "2022.11.30"]
[SourceVersion "1"]
[SourceVersionDate "2022.11.30"]
[SourceQuality "1"]
[WhiteTeam "Silla 60 Aniversario"]
[BlackTeam "Helios"]
[WhiteTeamCountry "ESP"]
[BlackTeamCountry "ESP"]

1. d4 Nf6 2. c4 e6 3. Nf3 Bb4+ 4. Nbd2 b6 5. a3 Bxd2+ 6. Qxd2 Bb7 7. e3 d6 8. Be2 Ne4 9. Qc2 Nd7 10. b3 0-0 11. Bb2 f5 12. 0-0 Rf6 13. d5 e5 14. Nd2 Rh6 15. f4 Nxd2 16. Qxd2 Qh4 17. h3 Rf8 18. Qe1 Qe7 19. Bd3 Bc8 20. b4 e4 21. Be2 Bb7 22. a4 Ra8 23. a5 Qd8 24. Qc3 Nf6 25. Qd4 Qe8 26. Rfc1 Qg6 27. Kf2 Qf7 1-0

[Event "ESP-ch U14 Rapid"]
[Site "Salobrena"]
[Date "2022.07.23"]
[Round "1"]
[White "Fernandez Aguado, Marcos"]
[Black "Lorente Melcon, Maximo"]
[Result "0-1"]
[WhiteElo "1291"]
[BlackElo "1604"]
[PlyCount "84"]
[EventDate "2022.07.23"]
[EventType "swiss (rapid)"]
[EventRounds "9"]
[EventCountry "ESP"]
[SourceTitle "EXT 2023"]
[Source "ChessBase"]
[SourceDate "2022.10.05"]
[SourceVersion "1"]
[SourceVersionDate "2022.10.05"]
[SourceQuality "1"]

1. e4 c5 2. Nf3 e6 3. d4 cxd4 4. Nxd4 Nf6 5. Nc3 Nc6 6. Ndb5 Bb4 7. Nd6+ Ke7 8. Ndb5 Nxe4 9. Bd2 Nxd2 10. Qxd2 a6 11. a3 axb5 12. Rd1 Bxc3 13. bxc3 d5 14. Bxb5 Re8 15. c4 Qa5 16. c3 Kf8 17. 0-0 Kg8 18. cxd5 Qxb5 19. dxc6 Qxc6 20. Qg5 f6 21. Qc1 e5 22. Kh1 b6 23. f3 Be6 24. Rd2 Qc5 25. Rfd1 Qxa3 26. Qb1 Qxc3 27. Qxb6 Qxd2 28. Rxd2 Ra1+ 29. Qg1 Rxg1+ 30. Kxg1 Kf7 31. Kf2 Ra8 32. Rd6 Ke7 33. Rb6 f5 34. h3 Kf6 35. g4 Ra2+ 36. Kg3 f4+ 37. Kh4 g5+ 38. Kh5 Rh2 39. Rxe6+ Kxe6 40. Kxg5 h6+ 41. Kxh6 Rxh3+ 42. Kg5 Rxf3 0-1

[Event "ESP-ch U14"]
[Site "Salobrena"]
[Date "2022.07.20"]
[Round "4"]
[White "Lorente Melcon, Maximo"]
[Black "Lazaro Azcutia, Miguel"]
[Result "1-0"]
[WhiteElo "1931"]
[BlackElo "1679"]
[PlyCount "127"]
[EventDate "2022.07.18"]
[EventType "swiss"]
[EventRounds "9"]
[EventCountry "ESP"]
[SourceTitle "EXT 2023"]
[Source "ChessBase"]
[SourceDate "2022.10.05"]
[SourceVersion "1"]
[SourceVersionDate "2022.10.05"]
[SourceQuality "1"]

1. e4 e5 2. Nf3 Nc6 3. Bc4 Bc5 4. 0-0 Nf6 5. d3 a6 6. a4 d6 7. c3 Ba7 8. h3 h6 9. Re1 0-0 10. b4 Ne7 11. Bb3 Ng6 12. d4 Nh7 13. Nbd2 Qf6 14. Nf1 Ng5 15. N1h2 Nxf3+ 16. Qxf3 Qxf3 17. Nxf3 Re8 18. Bb2 Bd7 19. a5 Kf8 20. d5 Nf4 21. Rad1 f5 22. Bc2 Bb5 23. Rd2 fxe4 24. Rxe4 Bd7 25. c4 Kg8 26. Re1 Rf8 27. Nh4 g5 28. Ng6 Nxg6 29. Bxg6 Rf4 30. Bd3 Raf8 31. Ree2 Re8 32. Re4 Ref8 33. Ree2 Re8 34. g3 Rf6 35. Kg2 Ref8 36. c5 g4 37. h4 Be8 38. Bc4 Rf3 39. Re4 h5 40. Ree2 Bb5 41. Bxb5 axb5 42. Rc2 Rb3 43. cxd6 cxd6 44. Rc7 Rf7 45. Rc8+ Rf8 46. Rec2 Rbf3 47. Rxf8+ Rxf8 48. Bc1 Bb8 49. Bh6 Re8 50. f3 Kh7 51. Be3 gxf3+ 52. Kxf3 Kg6 53. Ke4 Rf8 54. Bb6 Kf6 55. Rf2+ Kg7 56. Rxf8 Kxf8 57. Kf5 Kf7 58. Kg5 Kg7 59. Kxh5 Kf6 60. Kg4 e4 61. Bd4+ Kg6 62. Kf4 Kh5 63. Kxe4 Kg4 64. Bb6 1-0

[Event "ESP-ch States U14"]
[Site "Isla"]
[Date "2022.06.25"]
[Round "5"]
[White "Fuentes Guinot, Alejandro"]
[Black "Lorente Melcon, Maximo"]
[Result "1/2-1/2"]
[WhiteElo "1759"]
[BlackElo "1954"]
[PlyCount "69"]
[EventDate "2022.06.23"]
[EventType "swiss"]
[EventRounds "6"]
[EventCountry "ESP"]
[SourceTitle "EXT 2023"]
[Source "ChessBase"]
[SourceDate "2022.10.05"]
[SourceVersion "1"]
[SourceVersionDate "2022.10.05"]
[SourceQuality "1"]

1. d4 Nf6 2. Nf3 c5 3. d5 e6 4. Nc3 d6 5. dxe6 Bxe6 6. e4 Nc6 7. Bf4 a6 8. a4 Qa5 9. Bd2 Qc7 10. Ng5 Bg4 11. Be2 Bxe2 12. Qxe2 Be7 13. 0-0 0-0 14. Nf3 h6 15. Rfe1 Nd4 16. Qd3 Nxf3+ 17. Qxf3 Qd7 18. Qd3 Rfe8 19. Rad1 Bf8 20. Qg3 Qg4 21. Bf4 Qxg3 22. Bxg3 Re6 23. f4 g6 24. f5 gxf5 25. exf5 Rxe1+ 26. Rxe1 Re8 27. Rd1 Ng4 28. h3 Ne5 29. Ne4 Kg7 30. Nxd6 Bxd6 31. Rxd6 Nc4 32. Rd7 Nxb2 33. Rxb7 Nxa4 34. Ra7 Nc3 35. Rxa6 1/2-1/2

[Event "ESP-ch U12"]
[Site "Salobrena"]
[Date "2021.07.10"]
[Round "9"]
[White "Bello Cera, Raul"]
[Black "Lorente Melcon, Maximo"]
[Result "0-1"]
[WhiteElo "1390"]
[BlackElo "1908"]
[PlyCount "79"]
[EventDate "2021.07.05"]
[EventType "swiss"]
[EventRounds "9"]
[EventCountry "ESP"]
[SourceTitle "EXT 2022"]
[Source "ChessBase"]
[SourceDate "2021.10.06"]
[SourceVersion "1"]
[SourceVersionDate "2021.10.06"]
[SourceQuality "1"]

1. e4 c5 2. Nf3 e6 3. Nc3 a6 4. d4 cxd4 5. Nxd4 b5 6. g3 Bb7 7. Bg2 Nf6 8. 0-0 b4 9. Nd5 exd5 10. exd5 Bc5 11. Re1+ Kf8 12. Nb3 Bb6 13. a3 bxa3 14. Rxa3 h6 15. c4 d6 16. Nd4 Qc7 17. Rc3 Ba5 18. Rc2 Bxe1 19. Qxe1 Nbd7 20. Bf4 Nc5 21. Qb4 Kg8 22. Nf5 Nd3 23. Qxd6 Qxd6 24. Bxd6 a5 25. Rd2 Nb4 26. Ne7+ Kh7 27. c5 Nbxd5 28. Nxd5 Nxd5 29. Bxd5 Bxd5 30. Rxd5 Rac8 31. Rd4 Kg6 32. Kg2 Kf5 33. Kf3 Rhd8 34. h4 g6 35. Re4 Re8 36. Be7 g5 37. g4+ Kg6 38. h5+ Kg7 39. Bd6 Red8 40. Ra4 0-1

[Event "ESP-ch U12"]
[Site "Salobrena"]
[Date "2021.07.09"]
[Round "7"]
[White "Lorente Melcon, Maximo"]
[Black "Menendez Perez, Miguel"]
[Result "1-0"]
[WhiteElo "1908"]
[BlackElo "1470"]
[PlyCount "69"]
[EventDate "2021.07.05"]
[EventType "swiss"]
[EventRounds "9"]
[EventCountry "ESP"]
[SourceTitle "EXT 2022"]
[Source "ChessBase"]
[SourceDate "2021.10.06"]
[SourceVersion "1"]
[SourceVersionDate "2021.10.06"]
[SourceQuality "1"]

1. e4 e5 2. Nf3 Nc6 3. Nc3 Nf6 4. d4 d6 5. Bb5 Bd7 6. 0-0 Nxd4 7. Nxd4 exd4 8. Bxd7+ Qxd7 9. Qxd4 Be7 10. Bd2 0-0 11. Rae1 Rfe8 12. Kh1 b6 13. f4 Rad8 14. Nd5 Nxd5 15. Qxd5 c6 16. Qh5 Bf6 17. b3 Re7 18. Rf3 g6 19. Qh6 Bg7 20. Qh4 Rde8 21. f5 gxf5 22. Rg3 f6 23. Rge3 fxe4 24. Bc3 Qf5 25. Rg3 Re6 26. Kg1 e3 27. Rf1 Qxc2 28. Bxf6 R6e7 29. Bxe7 e2 30. Rxg7+ Kh8 31. Re1 Qd3 32. Qf6 Qe3+ 33. Kh1 Qe5 34. Rg3+ Qxf6 35. Bxf6# 1-0

[Event "ESP-ch U12"]
[Site "Salobrena"]
[Date "2021.07.09"]
[Round "8"]
[White "Lorente Melcon, Maximo"]
[Black "Munoz Osete, Marcos"]
[Result "0-1"]
[WhiteElo "1908"]
[BlackElo "1698"]
[PlyCount "78"]
[EventDate "2021.07.05"]
[EventType "swiss"]
[EventRounds "9"]
[EventCountry "ESP"]
[SourceTitle "EXT 2022"]
[Source "ChessBase"]
[SourceDate "2021.10.06"]
[SourceVersion "1"]
[SourceVersionDate "2021.10.06"]
[SourceQuality "1"]

1. e4 c6 2. d4 d5 3. exd5 cxd5 4. Bd3 Nc6 5. c3 Nf6 6. Bf4 g6 7. Nf3 Bg7 8. Nbd2 0-0 9. h3 a6 10. 0-0 Bf5 11. Bxf5 gxf5 12. Ne5 e6 13. Re1 Nxe5 14. Bxe5 Ne4 15. f3 Nxd2 16. Qxd2 Bxe5 17. Rxe5 Qh4 18. Qf2 Qxf2+ 19. Kxf2 b5 20. f4 Rab8 21. g4 fxg4 22. hxg4 b4 23. f5 bxc3 24. bxc3 Rb2+ 25. Ke3 Rg2 26. Kf3 Rc2 27. f6 Rxc3+ 28. Kf4 Rh3 29. Rb1 h6 30. g5 Kh7 31. Rb7 Kg6 32. gxh6 Rxh6 33. Rb6 Rh4+ 34. Ke3 Rh3+ 35. Kf4 Rd3 36. Rg5+ Kxf6 37. Rxd5 Ra3 38. Rdd6 Rh8 39. Kg4 Rah3 0-1

[Event "Aragon-chT Honor Descenso"]
[Site "Aragon"]
[Date "2021.05.29"]
[Round "9.27"]
[White "Gella Bitrian, Diego"]
[Black "Lorente Melcon, Maximo"]
[Result "1-0"]
[WhiteElo "2052"]
[BlackElo "1838"]
[PlyCount "127"]
[EventDate "2021.05.15"]
[EventType "team-tourn"]
[EventRounds "10"]
[EventCountry "ESP"]
[SourceTitle "EXT 2024"]
[Source "ChessBase"]
[SourceDate "2023.10.10"]
[SourceVersion "1"]
[SourceVersionDate "2023.10.10"]
[SourceQuality "1"]
[WhiteTeam "Huesca Club Atletismo"]
[BlackTeam "Helios"]
[WhiteTeamCountry "ESP"]
[BlackTeamCountry "ESP"]

1. e4 c5 2. Nf3 e6 3. d4 cxd4 4. Nxd4 Nf6 5. Nc3 Nc6 6. Ndb5 Bb4 7. a3 Bxc3+ 8. Nxc3 d5 9. exd5 exd5 10. Bd3 0-0 11. 0-0 Re8 12. Bf4 Bg4 13. f3 Bd7 14. Qd2 Ne5 15. Be2 Bc6 16. Qd4 Ng6 17. Bg5 h6 18. Bxf6 Qxf6 19. Qxf6 gxf6 20. Rfd1 Rad8 21. Rd4 Rb8 22. Kf2 b5 23. g3 Ne7 24. Rf4 Kg7 25. Nd1 a5 26. c3 Ng6 27. Rd4 Re5 28. f4 Re4 29. Rd2 Rbe8 30. Bf3 R4e7 31. Rd3 Nf8 32. Ne3 Rd7 33. Rad1 Red8 34. Bxd5 Ne6 35. c4 Nc5 36. Rd4 Nb3 37. R4d3 Nc5 38. Rc3 Bxd5 39. cxd5 Ne4+ 40. Ke2 Nxc3+ 41. bxc3 h5 42. Rb1 Re8 43. Kd2 Rxe3 44. Kxe3 Rxd5 45. Ke4 Rc5 46. Kd4 Rc4+ 47. Kd3 Rc5 48. Rb2 f5 49. Re2 Kf6 50. Re8 Rd5+ 51. Kc2 Rc5 52. Kb3 Rd5 53. Rh8 Kg6 54. Ra8 a4+ 55. Kb4 Rd2 56. Kxb5 Rxh2 57. c4 Rg2 58. c5 Rxg3 59. Rg8+ Kh6 60. Rxg3 h4 61. Rg8 Kh7 62. Rg5 Kh6 63. c6 h3 64. c7 1-0

[Event "Aragon-chT Preferente Gr-II"]
[Site "Aragon"]
[Date "2020.02.22"]
[Round "5.64"]
[White "Lorente Melcon, Maximo"]
[Black "Edeso Perez, Francisco"]
[Result "1-0"]
[WhiteElo "1661"]
[BlackElo "1786"]
[PlyCount "113"]
[EventDate "2020.01.25"]
[EventType "team-tourn"]
[EventRounds "9"]
[EventCountry "ESP"]
[SourceTitle "EXT 2022"]
[Source "ChessBase"]
[SourceDate "2021.10.06"]
[SourceVersion "1"]
[SourceVersionDate "2021.10.06"]
[SourceQuality "1"]
[WhiteTeam "Helios II"]
[BlackTeam "Las Fuentes II"]
[WhiteTeamCountry "ESP"]
[BlackTeamCountry "ESP"]

1. e4 c5 2. Nc3 d6 3. Bb5+ Nd7 4. a4 Ngf6 5. f4 a6 6. Bc4 e6 7. d3 Be7 8. Nf3 0-0 9. 0-0 Rb8 10. Qe1 Qc7 11. a5 b5 12. axb6 Qxb6 13. f5 e5 14. h3 Bb7 15. g4 Ra8 16. g5 Ne8 17. g6 Nef6 18. Ng5 h5 19. Nxf7 Rxf7 20. gxf7+ Kf8 21. Qg3 d5 22. exd5 Qd6 23. Ne4 Nxe4 24. dxe4 Nf6 25. Qg2 Kxf7 26. Kh1 Rg8 27. Rg1 Bc8 28. Qe2 g6 29. Rxg6 Rxg6 30. fxg6+ Kxg6 31. Qg2+ Kf7 32. Bg5 Ke8 33. Rf1 Kd8 34. Bxf6 Bxf6 35. Qg8+ Kd7 36. Qe6+ Qxe6 37. dxe6+ Kd8 38. Ra1 Bg5 39. Be2 h4 40. Bxa6 Bxa6 41. Rxa6 Ke7 42. Rc6 Be3 43. Kg2 Ke8 44. Kf3 Bg1 45. Rc7 Kd8 46. Rh7 Ke8 47. Rxh4 Ke7 48. Rh5 Bh2 49. h4 Bf4 50. Rf5 Bc1 51. b3 Bb2 52. h5 Kd8 53. Rf7 Ke8 54. Rc7 c4 55. bxc4 Ba3 56. h6 Bb2 57. h7 1-0